| 000 | 00678cam a2200265 4500 | ||
|---|---|---|---|
| 001 | B2243 | ||
| 008 | 090401t1988 xxu||||| |||| 00| 0 eng d | ||
| 035 | _a(Sirsi) u48914 | ||
| 041 | _aeng | ||
| 050 | _a331.281333 | ||
| 090 | _aRICS 1988/54 ABCD | ||
| 110 |
_aRoyal Institution of Chartered Surveyors _94900 |
||
| 245 | _aSalary survey 1988 | ||
| 260 | _c1988 | ||
| 300 | _a38p. ; 30cm. | ||
| 350 | _a0 | ||
| 520 | _aJunior Organisation . | ||
| 650 | _aABOUT RICS-RICS MEMBERS | ||
| 650 | _aSALARIES | ||
| 650 | _aSALARY SURVEYS | ||
| 650 | _aSURVEYING | ||
| 690 | _aMANAGEMENT-BUSINESS MANAGEMENT-PROFESSIONAL PRACTICE | ||
| 942 | _n0 | ||
| 948 | _c04/03/1997 | ||
| 999 |
_c92430 _d92430 |
||